SELECTED CHAPTERS OF ECONOMICS AND SOCIETY (Record no. 73546)
[ view plain ]
| 000 -LEADER | |
|---|---|
| fixed length control field | 00255nam a2200097Ia 4500 |
| 050 ## - LIBRARY OF CONGRESS CALL NUMBER | |
| Classification number | HB 171.5 .M36 2004 |
| 100 ## - MAIN ENTRY--PERSONAL NAME | |
| Personal name | MANKIW,GREGORY N. |
| 245 #0 - TITLE STATEMENT | |
| Title | SELECTED CHAPTERS OF ECONOMICS AND SOCIETY |
| 942 ## - ADDED ENTRY ELEMENTS (KOHA) | |
| Koha item type | Long Loan Book |
| Withdrawn status | Lost status | Source of classification or shelving scheme | Damaged status | Not for loan | Collection | Home library | Current library | Shelving location | Date acquired | Inventory number | Total checkouts | Full call number | Barcode | Date last seen | Copy number | Price effective from | Koha item type |
|---|---|---|---|---|---|---|---|---|---|---|---|---|---|---|---|---|---|
| Library of Congress Classification | Business & Economics | Kisii University Library | Kisii University Library | On Display | 05/16/2024 | 36704 | HB 171 .M36 2004 | 001264 | 05/16/2024 | C.1 | 05/16/2024 | Long Loan Book |